LEADER 01448nam2-2200433---450- 001 990003386650203316 005 20100414131727.0 010 $a978-1-4020-1816-9 035 $a000338665 035 $aUSA01000338665 035 $a(ALEPH)000338665USA01 035 $a000338665 100 $a20100413h2003----km-y0itay50------ba 101 $ager 102 $aDE 105 $a||||||||001yy 200 1 $a<<36. :>> Transzendentaler Idealismus$etexte aud dem Nachlass 1908-1921$fEdmund Husserl$gherausgegeben von Robin D. Rollinger$gin verbindung mit Rochus Sowa 210 $aDordrecht [etc.]$cKluwer Academic Publishers$d2003 215 $aXXXVII, 235 p.$d24 cm 461 0$1001000338664$12001$aHusserliana 606 0 $aFilosofia$zSec. 20.$2BNCF 676 $a190.904 700 1$aHUSSERL,$bEdmund$035554 702 1$aROLLINGER,$bRobin D. 702 1$aSOWA,$bRochus 801 0$aIT$bsalbc$gISBD 912 $a990003386650203316 951 $aII.1.D. 5088 36$b221435 L.M.$cII.1.$d00256512 959 $aBK 969 $aUMA 979 $aPAOLA$b90$c20100413$lUSA01$h1602 979 $aPAOLA$b90$c20100413$lUSA01$h1603 979 $aPAOLA$b90$c20100413$lUSA01$h1603 979 $aPAOLA$b90$c20100413$lUSA01$h1603 979 $aPAOLA$b90$c20100413$lUSA01$h1604 979 $aPAOLA$b90$c20100414$lUSA01$h1316 979 $aPAOLA$b90$c20100414$lUSA01$h1317 996 $aTranszendentaler Idealismus$91105324 997 $aUNISA LEADER 01680nam0 22003733i 450 001 VAN0276643 005 20240603122534.898 017 70$2N$a9783030793937 100 $a20240603d2022 |0itac50 ba 101 $aeng 102 $aCH 105 $a|||| ||||| 200 1 $aNon-Smooth and Complementarity-Based Distributed Parameter Systems$eSimulation and Hierarchical Optimization$fMichael Hintermüller ... [et al.] editors 210 $aCham$cBirkhäuser$cSpringer$d2022 215 $aviii, 519 p.$cill.$d24 cm 410 1$1001VAN0035918$12001 $aInternational series of numerical mathematics$1210 $aBasel [etc.]$cBirkhäuser$v172 610 $aComplementarity$9KW:K 610 $aDistributed parameter systems$9KW:K 610 $aEquilibrium Constraints$9KW:K 610 $aHierarchical Optimization$9KW:K 610 $aNonsmooth systems$9KW:K 610 $aOptimal Control$9KW:K 620 $aCH$dCham$3VANL001889 702 1$aHintermüller$bMichael$3VANV098660 712 $aBirkhäuser $3VANV108193$4650 712 $aSpringer $3VANV108073$4650 801 $aIT$bSOL$c20240614$gRICA 856 4 $uhttps://doi.org/10.1007/978-3-030-79393-7$zE-book ? Accesso al full-text attraverso riconoscimento IP di Ateneo, proxy e/o Shibboleth 899 $aBIBLIOTECA DEL DIPARTIMENTO DI MATEMATICA E FISICA$1IT-CE0120$2VAN08 912 $fN 912 $aVAN0276643 950 $aBIBLIOTECA DEL DIPARTIMENTO DI MATEMATICA E FISICA$d08CONS e-Book 8609 $e08eMF8609 20240605 996 $aNon-smooth and complementarity-based distributed parameter systems$92920122 997 $aUNICAMPANIA